LEADER 01325nam a2200313 i 4500 001 000000169388 003 CaOOAMICUS 005 20220608154931.0 008 080218s1985 it u000 u ita u 013 $a146791 020 $a88-7610-148-9 040 $aSeMil$bita 100 1 $aCenderelli, Guido.$0(OLS)http://semarc/name/63498 245 10$aE io possiedeṛ l'infinito :$bframmenti di vita di un giovane degli anni '50 /$cGuido Cenderelli. 264 1$aMilano :$bÀncora,$c1985. 300 $a224 p., [8] p. di foto ;$c17 cm. 490 1 $aEdificare ;$v3 541 0 $aFondo card. Giovanni Colombo (3F I 535) 650 4$aVita cristiana - Diari e memorie.$0(OLS)http://semarc/subject/31631 650 4$aAlpinismo - Diari e memorie.$0(OLS)http://semarc/subject/13445 830 0$aEdificare ;$v3.$0(OLS)http://semarc/title/6723 850 $aSeMil 852 $aSeMil$W1$xVenegono$y1$m3F I 535$j120327$B120327$CSeMilBibl$Z2$F133758 $81 941 1 $a3 961 $aLascito: Colombo Card. Giovanni 996 $6020$a88-7610-148-9$9(OLS)http://semarc/number/156248 996 $6245$aE io possiedeṛ l'infinito :$bframmenti di vita di un giovane degli anni '50$9(OLS)http://semarc/title/242206 996 $6264$aMilano :$bÀncora$9(OLS)http://semarc/publisher/29763 LEADER 01201nam a2200277 i 4500 001 000000116207 003 CaOOAMICUS 005 20030612000000.0 008 030612s1999 it u000 u ita u 013 $a88896 040 $aSeMil$bita 100 1 $aPadri apostolici.$0(OLS)http://semarc/name/32214 245 10$aAgli inizi della Chiesa /$cPadri apostolici. 260 $aMagnano :$bQiqajon,$ccopyr. 1999. 300 $a50 p. ;$c21 cm. 490 0 $aTesti dei Padri della Chiesa ;$v40 500 $aA piè del front. : Monastero di Bose. - Contiene : Didaché / a cura di Sabino Chialà ; A Diogneto / a cura di Lisa Cremaschi. - Fondo Card. C.M. Martini. 700 1 $aCremaschi, Lisa.$0(OLS)http://semarc/name/30282 700 1 $aChialà, Sabino,$d<1968- >.$0(OLS)http://semarc/name/32571 830 0$aTesti dei Padri della Chiesa ;$v40.$0(OLS)http://semarc/title/11590 850 $aSeMil 852 $aSeMil$W1$xVenegono$y1$m2S II 130$j71687$B71687$CSeMilBibl$Z2$F85823 $81 941 1 $a4 961 $aOmaggio: Martini Card. Carlo Maria 996 $6245$aAgli inizi della Chiesa$9(OLS)http://semarc/title/170383 996 $6260$aMagnano :$bQiqajon$9(OLS)http://semarc/publisher/32326